书目信息 |
| 题名: |
在五星红旗下成长
|
|
| 作者: | 甘其进 编写 | |
| 分册: | ||
| 出版信息: | 乌鲁木齐 新疆青少年出版社 2005 |
|
| 页数: | 122页 | |
| 开本: | 19cm | |
| 丛书名: | 学生素质教育丛书 | |
| 单 册: | ||
| 中图分类: | G63 | |
| 科图分类: | ||
| 主题词: | 爱国主义教育--中学--教材 , 爱国主义教育--小学--教材 , 爱国主义教育 | |
| 电子资源: | ||
| ISBN: | 7-5371-3293-3 | |
| 000 | 00923oam2 2200289 45 | |
| 001 | 012006080901 | |
| 005 | 20061217094126.46 | |
| 010 | @a7-5371-3293-3@dCNY12.80 | |
| 092 | @aCN@b501533 | |
| 100 | @a20060809d2005 em y0chiy0120 ea | |
| 101 | 0 | @achi |
| 102 | @aCN@b650000 | |
| 105 | @ay z 000yy | |
| 200 | 1 | @a在五星红旗下成长@Azai wu xing hong qi xia cheng chang@f甘其进等编写@Fgan qi jin deng bian xie |
| 205 | @a2版 | |
| 210 | @a乌鲁木齐@c新疆青少年出版社@d2005 | |
| 215 | @a122页@d19cm | |
| 225 | 2 | @a学生素质教育丛书 |
| 330 | @a本书主要介绍了五星红旗的诞生、国旗的内容与意义等,让小读者在阅读的同时,能够提高小读者的素质修养。 | |
| 461 | 0 | @12001 @a学生素质教育丛书 |
| 606 | 0 | @a爱国主义教育@x中学@j教材 |
| 606 | 0 | @a爱国主义教育@x小学@j教材 |
| 606 | 0 | @a爱国主义教育 |
| 690 | @aG63@v4 | |
| 701 | 0 | @a甘其进@9gan qi jin@4编写 |
| 801 | 0 | @aCN@bLZJBOOK@c20061217 |
| 905 | @a10447@dG63@e149:10=2 | |
| 在五星红旗下成长/甘其进等编写.-2版.-乌鲁木齐:新疆青少年出版社,2005 |
| 122页;19cm.-(学生素质教育丛书) |
| ISBN 7-5371-3293-3:CNY12.80 |
| 本书主要介绍了五星红旗的诞生、国旗的内容与意义等,让小读者在阅读的同时,能够提高小读者的素质修养。 |
| ● |
| 相关链接 |
|
|
|
|
正题名:在五星红旗下成长
索取号:G63/149:10=2
 
预约/预借
| 序号 | 登录号 | 条形码 | 馆藏地/架位号 | 状态 | 备注 |
| 1 | 0554944 | 205549441 | 第一样本阅览室/ [索取号:G63/149:10=2] | 在馆 | |
| 2 | 0554945 | 205549450 | 密集书库/ [索取号:G63/149:10=2] | 在馆 | |
| 3 | 0554946 | 205549469 | 密集书库/ [索取号:G63/149:10=2] | 在馆 | |
| 4 | 0554947 | 205549478 | 第四借阅区/ [索取号:G63/149:10=2] | 在馆 | |
| 5 | 0554948 | 205549487 | 第四借阅区/ [索取号:G63/149:10=2] | 在馆 | |
| 6 | 0554949 | 205549496 | 密集书库/ [索取号:G63/149:10=2] | 在馆 | |
| 7 | 0554950 | 205549502 | 密集书库/ [索取号:G63/149:10=2] | 在馆 | |
| 8 | 0554951 | 205549511 | 第四借阅区/ [索取号:G63/149:10=2] | 在馆 |